header

Crossing the Rubicon (Record no. 49699)

MARC details
000 -LEADER
fixed length control field 01549nam a2200361 a 4500
082 04 - DEWEY DECIMAL CLASSIFICATION NUMBER
Classification number 973.93
100 1# - MAIN ENTRY--AUTHOR NAME
Personal name Ruppert, Michael C.
245 10 - TITLE STATEMENT
Title Crossing the Rubicon
260 ## - PUBLICATION, DISTRIBUTION, ETC. (IMPRINT)
Place of publication Gabriola, BC :
Name of publisher New Society Publishers,
Year of publication c2004.
300 ## - PHYSICAL DESCRIPTION
Number of Pages xix, 674 p. :
Other physical details ill., maps.
650 #0 - SUBJECT ADDED ENTRY--TOPICAL TERM
Topical Term Petroleum industry and trade
Topical Term September 11 Terrorist Attacks, 2001.
Topical Term Drug traffic
Topical Term Political corruption
856 40 - ELECTRONIC LOCATION AND ACCESS
Uniform Resource Identifier http://site.ebrary.com/lib/rucke/Doc?id=10085544

No items available.

© 2026 Rongo University
Contact us: librarian | system librarian | Rongo university